00928cam a2200253 a 4500001001000000003000400010005001700014008004100031040002500072082001800097100005100115245006100166260003700227300002800264490002100292504003400313650003000347830003000377942001300407952010300420952012200523956001200645999001700657000011700OSt20251029110555.0920818s1973 ve a b 001 0 spa  aDO-SdBNPbspacBNPHU a638.12bR621a1 aRivero Oramás, Rafael.d(1904 - 1992)92773210aAbejas criollas sin aguijón /cRafael Rivero Oramás. aCaracas :bMonte Ávila,c1973. a110 p. :bil. ;c16 cm.1 aCientíficav25 aBibliografía : p. 106-110). 4aAbejaszVenezuela.927733 0976681a Científica, 25. 2ddccLF1 00102ddc50718MOaGRbGRd2009-10-26iLF1l0o638.12 R621ap11700-10r2020-06-25w2020-06-25y1 001150718MOaGRbGRcMId2017-04-06iLF1l0o638.12 R621ap11700-20r2020-06-25te. 2w2020-06-25y1ZNo se presta aLOPEREZ c11381d11381